000 00750nam a22002417a 4500
003 UA-OsUOA
001 43475
007 ta
008 20061225b un ||||| |||| 00| 0 ukr d
100 _aУхач В.
700 _aОлійник Т.
090 _a94(477)=111
942 _cBK
040 _aUA-OsUOA
_beng
_cUA-OsUOA
_dUA-OsUOA
245 _aІсторія України
_bНавчальний посібник для студентів з англійською мовою викладання
300 _a225 с.
955 _a2
041 _aeng
080 _a94(477)=111
260 _aТернопіль
_bСтародубець
_c2003
650 7 _a9 Географія. Біографії. Історія
_2UDC
999 _c329603
_d329603